Differential Geometry of Curves and Surfaces
Guardat en:
| Autor principal: | |
|---|---|
| Altres autors: | , |
| Format: | Desconegut |
| Idioma: | anglès |
| Publicat: |
Singapore, Singapore.
Springer,
2019
|
| Col·lecció: | Springer Undergraduate Mathematics Series
|
| Matèries: | |
| Accés en línia: | Disponible Online |
| Etiquetes: |
Afegir etiqueta
Sense etiquetes, Sigues el primer a etiquetar aquest registre!
|
MARC
| LEADER | 00000 a2200000 4500 | ||
|---|---|---|---|
| 003 | CL-VaPUC | ||
| 005 | 20211001121733.0 | ||
| 008 | 210809b ||||| |||| 00| 0 eng d | ||
| 999 | |c 433272 |d 433270 | ||
| 020 | |a 978-9811517389 | ||
| 040 | |c Pontificia Universidad Católica de Valparaíso | ||
| 082 | |a 516.36 KOB 2019 | ||
| 100 | |a Kobayashi, Shoshichi |9 861984 | ||
| 245 | |a Differential Geometry of Curves and Surfaces | ||
| 260 | |a Singapore, Singapore. |b Springer, |c 2019 | ||
| 300 | |a 192 páginas | ||
| 490 | |a Springer Undergraduate Mathematics Series | ||
| 583 | |k Cristina Rojas |c 20210809 | ||
| 650 | 0 | |a Teorema de Gauss |9 356129 | |
| 650 | 0 | |a Geometría diferencial |9 315147 |v Curvas |v Superficies | |
| 700 | 1 | |a Shinozaki Nagumo, Eriko |e traductor |9 862445 | |
| 700 | 1 | |a Sumi Tanaka, Makiko |e traductor |9 862446 | |
| 856 | |u http://bibliografiadigital.pucv.cl/index.php/bibliotecapucv/catalog/book/653 |y Disponible Online | ||
| 942 | |2 ddc |c BK | ||
| 952 | |0 0 |1 0 |2 ddc |4 0 |6 516_360000000000000_KOB_2019 |7 0 |8 A |9 578574 |a BIBMAT |b BIBMAT |d 2021-08-09 |e 74 |g 36677.00 |i 5587395 |l 2 |o 516.36 KOB 2019 |p 5587395 |r 2025-01-07 |s 2022-08-30 |t 1 |v 36677.00 |w 2021-08-09 |y BK |k MAT | ||
| 952 | |0 0 |1 0 |2 ddc |4 0 |6 516_360000000000000_KOB_2019 |7 0 |8 A |9 578808 |a BIBMAT |b BIBMAT |d 2021-09-10 |e 74 |g 39288.00 |i 5588480 |l 1 |m 1 |o 516.36 KOB 2019 |p 5588480 |r 2025-01-07 |s 2022-12-05 |t 2 |v 39288.00 |w 2021-09-10 |y BK |k MAT | ||